| Tag |
First Indicator |
Second Indicator |
Subfields |
| LEADER |
00000cam a2200000La 4500 |
| 001 |
in00001744921 |
| 005 |
20220105120758.0 |
| 006 |
m u |
| 007 |
cr cn--------- |
| 008 |
020606s2002 vaua sb 001 0 eng d |
| 020 |
|
|
|a 0585403376 (electronic bk.)
|
| 035 |
|
|
|a (OCoLC)ocm50175540
|
| 040 |
|
|
|a N$T
|c N$T
|d OCLCQ
|d UtOrBLW
|
| 043 |
|
|
|a n-us---
|
| 049 |
|
|
|a IICA
|
| 050 |
1 |
4 |
|a LB2806.4
|b .G45 2002eb
|
| 082 |
0 |
4 |
|a 371.102
|2 21
|
| 100 |
1 |
|
|a Glickman, Carl D.
|0 http://id.loc.gov/authorities/names/n78077187
|
| 245 |
1 |
0 |
|a Leadership for learning :
|b how to help teachers succeed /
|c Carl D. Glickman.
|
| 264 |
|
1 |
|a Alexandria, Va., USA :
|b Association for Supervision and Curriculum Development,
|c [2002]
|
| 264 |
|
4 |
|c ©2002
|
| 300 |
|
|
|a viii, 141 pages :
|b illustrations
|
| 336 |
|
|
|a text
|b txt
|2 rdacontent
|
| 337 |
|
|
|a computer
|b c
|2 rdamedia
|
| 338 |
|
|
|a online resource
|b cr
|2 rdacarrier
|
| 504 |
|
|
|a Includes bibliographical references (pages 121-136) and index.
|
| 505 |
0 |
|
|a Looking at classroom teaching and learning -- Structures for classroom assistance -- Formats for focusing observation -- Approaches to working closely with teachers -- Direct applications to assisting teachers -- Criteria for assessing teacher competence and growth -- Purpose, strength, and collegial force for school success.
|
| 533 |
|
|
|a Electronic reproduction.
|b Boulder, Colo. :
|c NetLibrary,
|d 2002.
|n Available via World Wide Web.
|n Access may be limited to NetLibrary affiliated libraries.
|
| 500 |
|
|
|a Electronic resource.
|
| 650 |
|
0 |
|a School supervision
|z United States.
|0 http://id.loc.gov/authorities/subjects/sh2008111255
|
| 650 |
|
0 |
|a Teacher effectiveness
|z United States.
|0 http://id.loc.gov/authorities/subjects/sh2008112605
|
| 650 |
|
0 |
|a Effective teaching
|z United States.
|0 http://id.loc.gov/authorities/subjects/sh2008102486
|
| 655 |
|
7 |
|a Electronic books.
|2 local
|
| 710 |
2 |
|
|a NetLibrary, Inc.
|0 http://id.loc.gov/authorities/names/no99080690
|
| 776 |
1 |
|
|c Original
|z 0871207206
|
| 856 |
4 |
1 |
|u https://proxy.library.tamu.edu/login?url=http://www.netLibrary.com/urlapi.asp?action=summary&v=1&bookid=68673
|z Connect to the full text of this electronic book
|t 0
|
| 994 |
|
|
|a X0
|b IIC
|
| 999 |
|
|
|a MARS
|
| 999 |
f |
f |
|s 08bc91e4-e321-3a64-825a-7aabbf23d2e2
|i b322c4ed-1d3e-34e0-a6d6-b7bc8f392bf5
|t 0
|
| 952 |
f |
f |
|a Texas A&M University
|b College Station
|c Electronic Resources
|d Available Online
|t 0
|e LB2806.4 .G45 2002eb
|h Library of Congress classification
|
| 998 |
f |
f |
|a LB2806.4 .G45 2002eb
|t 0
|l Available Online
|